| 000 | 00797nam a22002057a 4500 | ||
|---|---|---|---|
| 003 | UPN | ||
| 005 | 20250604063759.0 | ||
| 008 | 250603s999 sp| |||er2|||i000 0 spa d | ||
| 020 | _a8476661045 | ||
| 040 |
_aMX-MxUPN _bspa _cMX-MxUPN |
||
| 041 | _aspa | ||
| 050 |
_aF1201 O74 _b1999 |
||
| 110 | 2 |
_aOrganización de Estados Iberoamericanos para la Educación, la Ciencia y la Cultura - _vInformes _924351 |
|
| 245 | _a1949 - 1999 50 aniversario | ||
| 260 |
_aMadrid : _bOrganización de Estados Iberoamericanos para la Educación, la Ciencia y la Cultura, _c1999 |
||
| 300 |
_a172 páginas _buna separata |
||
| 650 | 0 |
_aOrganización de Estados Iberoamericanos para la Educación, la Ciencia y la Cultura _956800 _vHistoria |
|
| 902 | _aMaiella Martínez / 03062025 | ||
| 942 |
_2lcc _cLIBRO _n0 |
||
| 999 |
_c213411 _d213411 |
||